[Event "Play your favorite openings III"]
[Site "SchemingMind.com"]
[Date "2020.07.01"]
[Round "-"]
[White "kenneth m day"]
[Black "Holty"]
[Result "1/2-1/2"]
[WhiteCountry "USA"]
[BlackCountry "ENG"]
[WhiteElo "1708"]
[WhiteRD "49"]
[BlackElo "1790"]
[BlackRD "55"]
[GameID "457288"]

1. e4 e6 2. d4 d5 3. Nd2 dxe4 4. Nxe4 Nd7 5. Nf3 Ngf6 6. Ng3 c5 7. c3 cxd4 8. Nxd4 Qc7 9. Bd3 Be7 10. O-O a6
11. Bd2 Ne5 12. Bc2 Nc4 13. Bc1 h6 14. b3 Na3 15. Bb2 Nxc2 16. Qxc2 O-O 17. Rfe1 Bd7 18. Rac1 Rfd8 19. h3 Re8 20. Rcd1 Rad8
21. c4 b5 22. Rc1 Bd6 23. Qd3 Bxg3 24. Qxg3 Qxg3 25. fxg3 e5 26. Ne2 Bc6 27. Kh2 b4 28. Rcd1 Nd7 29. g4 f6 30. Ng3 g6
31. Bc1 Kh7 32. Rd6 Rc8 33. Be3 Kg7 34. Red1 Rc7 35. Rxc6 Rxc6 36. Rxd7+ Kg8 37. Ne4 g5 38. Ng3 Rec8 39. Nf5 Re8 40. Nxh6+ Kh8
41. Nf7+ Kg8 42. Nd6 Re6 43. Nf5 Kf8 44. Rd8+ Re8 45. Rd7=
1/2-1/2

[Event "Play your favorite openings III"]
[Site "SchemingMind.com"]
[Date "2020.07.01"]
[Round "-"]
[White "Holty"]
[Black "kenneth m day"]
[Result "1-0"]
[WhiteCountry "ENG"]
[BlackCountry "USA"]
[WhiteElo "1790"]
[WhiteRD "55"]
[BlackElo "1708"]
[BlackRD "49"]
[GameID "457289"]

1. d4 Nf6 2. Nd2 e5 3. dxe5 Ng4 4. Ngf3 Nc6 5. Nc4 b5 6. Ne3 Ngxe5 7. Nxe5 Nxe5 8. Qd5 Nc6 9. Qxb5 Rb8 10. Qd3 d6
11. g3 Bb7 12. Bg2 Ne5 13. Qd1 Be7 14. O-O h5 15. Bxb7 Rxb7 16. b3 Qd7 17. Qd5 Rb8 18. Bb2 c6 19. Qg2 Bf6 20. Rab1 h4
21. Bxe5 Bxe5 22. Rbd1 hxg3 23. fxg3 f6 24. Nc4 O-O 25. Nxe5 fxe5 26. e4 Qg4 27. h3 Qe6 28. c4 Qh6 29. Rxf8+ Rxf8 30. Re1 Rf6
31. Kh2 Qg5 32. b4 a6 33. a4 Kf7 34. b5 cxb5 35. cxb5 axb5 36. axb5 Ke6 37. Qa2+ Ke7 38. Qb2 Rf8 39. Qc1 Rf2+ 40. Kh1 Qxg3
41. Qc7+ Ke6 42. Qc8+ Kf6 43. Qd8+ Kg6 44. Qe8+ Rf7 45. Rg1
1-0

[Event "Play your favorite openings III"]
[Site "SchemingMind.com"]
[Date "2020.07.24"]
[Round "-"]
[White "kenneth m day"]
[Black "Kenny Elliott"]
[Result "1-0"]
[WhiteCountry "USA"]
[BlackCountry "USA"]
[WhiteElo "1708"]
[WhiteRD "49"]
[BlackElo "1521"]
[BlackRD "61"]
[GameID "458078"]

1. e4 c5 2. d4 e6 3. c3 d5 4. e5 f6 5. Nf3 fxe5 6. Nxe5 cxd4 7. cxd4 Bd6 8. Bf4 Bxe5 9. Bxe5 Nf6 10. Nc3 a6
11. Bd3 Nc6 12. Qe2 Qb6 13. O-O-O Nxd4 14. Bxd4 Qxd4 15. Bg6+
1-0

[Event "Play your favorite openings III"]
[Site "SchemingMind.com"]
[Date "2020.07.24"]
[Round "-"]
[White "Kenny Elliott"]
[Black "Holty"]
[Result "0-1"]
[WhiteCountry "USA"]
[BlackCountry "ENG"]
[WhiteElo "1521"]
[WhiteRD "61"]
[BlackElo "1790"]
[BlackRD "55"]
[GameID "458079"]

1. d4 d5 2. Nf3 Nf6 3. c4 e6 4. Bg5 h6 5. Bxf6 Qxf6 6. c5 Bd7 7. Nc3 b5 8. cxb6 cxb6 9. Qb3 Nc6 10. e3 Qd8
11. Bd3 Nb4 12. Qd1 Nxd3+ 13. Qxd3 Bd6 14. O-O a6 15. Rfb1 O-O 16. e4 dxe4 17. Nxe4 Be7 18. Ng3 Bb5 19. Qd1 Bh4 20. Nxh4 Qxh4
21. a4 Bc6 22. Qb3 Qd8 23. Rd1 Qd5 24. Qxd5 Bxd5 25. b4 Rac8 26. a5 b5 27. Nh5 Rc4 28. Nf4 Bb7 29. d5 Rxf4 30. dxe6 fxe6
31. Rd7 Bd5 32. Ra7 Rxf2 33. Rxa6 Rxg2+ 34. Kh1 Ra2+
0-1

[Event "Play your favorite openings III"]
[Site "SchemingMind.com"]
[Date "2020.07.24"]
[Round "-"]
[White "Holty"]
[Black "Kenny Elliott"]
[Result "1-0"]
[WhiteCountry "ENG"]
[BlackCountry "USA"]
[WhiteElo "1790"]
[WhiteRD "55"]
[BlackElo "1521"]
[BlackRD "61"]
[GameID "458080"]

1. d4 Nf6 2. Nc3 g6 3. Bf4 Bg7 4. e4 d6 5. Qd2 O-O 6. O-O-O Nbd7 7. f3 a6 8. Bh6 e5 9. Bxg7 Kxg7 10. h4 h5
11. Be2 exd4 12. Qxd4 Kg8 13. g4 Ne5 14. g5 Nh7 15. Kb1 Be6 16. f4 Nc6 17. Qe3 b5 18. Nf3 b4 19. Nd5 a5 20. Rhf1 Bxd5
21. exd5 Re8 22. Qf2 Ne7 23. Rfe1 Qb8 24. Bc4 a4 25. b3 Nf5 26. Nd4 Nxd4 27. Rxd4 Rxe1+ 28. Qxe1 axb3 29. Bxb3 Qb6 30. Rxb4 Qa6
31. Ra4 Qc8 32. Qc3 Rxa4 33. Bxa4 Qg4 34. Qxc7 Qxf4 35. Be8 Qf1+ 36. Kb2 Qf4 37. Qxf7+ Qxf7 38. Bxf7+ Kxf7 39. a4 Nf8 40. a5 Nd7
41. Kb3 Ke7 42. Kb4 Nb8 43. Kb5 Kd7 44. c4
1-0

[Event "Play your favorite openings III"]
[Site "SchemingMind.com"]
[Date "2020.07.29"]
[Round "-"]
[White "Andoni Zabala"]
[Black "Kenny Elliott"]
[Result "1-0"]
[WhiteCountry "INT"]
[BlackCountry "USA"]
[WhiteElo "1746"]
[WhiteRD "78"]
[BlackElo "1521"]
[BlackRD "61"]
[GameID "458259"]

1. e4 c5 2. Nf3 d6 3. d3 Bg4 4. h3 Bxf3 5. Qxf3 Nc6 6. c3 Qa5 7. Nd2 Nf6 8. Be2 g6 9. O-O Bg7 10. Nc4 Qc7
11. Bf4 e5 12. Bg5 Nd7 13. Ne3 b5 14. Nd5 Qb8 15. h4 O-O 16. h5 b4 17. h6 f6 18. hxg7 Rf7 19. Bh6 Ne7 20. Nxe7+ Rxe7
21. d4 exd4 22. Bc4+
1-0

[Event "Play your favorite openings III"]
[Site "SchemingMind.com"]
[Date "2020.07.30"]
[Round "-"]
[White "Kenny Elliott"]
[Black "Andoni Zabala"]
[Result "0-1"]
[WhiteCountry "USA"]
[BlackCountry "INT"]
[WhiteElo "1521"]
[WhiteRD "61"]
[BlackElo "1746"]
[BlackRD "78"]
[GameID "458260"]

1. d4 Nf6 2. c4 g6 3. Nc3 Bg7 4. e4 d6 5. Nf3 O-O 6. Be2 Nbd7 7. O-O e5 8. d5 Nc5 9. b4 Ncxe4 10. Nxe4 Nxe4
11. Qb3 Bg4 12. h3 Bxf3 13. Bxf3 Ng5 14. Bxg5 Qxg5 15. c5 e4 16. Rac1 exf3 17. Qxf3 Rac8 18. Qa3 a6 19. cxd6 cxd6 20. Rcd1 Rc3
21. Qa5 Rxh3 22. f3 Qg3 23. Rf2 Qh2+ 24. Kf1 Qh1+ 25. Ke2 Re8+ 26. Kd2 Bh6+ 27. f4 Rd3+
0-1

[Event "Play your favorite openings III"]
[Site "SchemingMind.com"]
[Date "2020.07.29"]
[Round "-"]
[White "Andoni Zabala"]
[Black "kenneth m day"]
[Result "1-0"]
[WhiteCountry "INT"]
[BlackCountry "USA"]
[WhiteElo "1774"]
[WhiteRD "79"]
[BlackElo "1662"]
[BlackRD "56"]
[GameID "458261"]

1. e4 e5 2. Nf3 Nc6 3. Bb5 a6 4. Ba4 Nf6 5. O-O Nxe4 6. Re1 Nc5 7. Bxc6 dxc6 8. Nxe5 Be7 9. d4 Ne6 10. c3 O-O
11. Nd2 Qd5 12. Ndf3 f6 13. Nd3 Bd7 14. Nf4 Nxf4 15. Bxf4 Bd6 16. Bxd6 cxd6 17. Re7 Bc8 18. h3 b5 19. Nd2 Be6 20. b3 Rf7
21. c4 bxc4 22. bxc4 Qf5 23. g4 Qf4 24. Rxe6 Qxd4 25. Nb3 Qxc4 26. Rxd6 Rff8 27. Na5 Qc5 28. Nxc6 Rac8 29. Ne7+ Kf7 30. Nxc8 Rxc8
31. Qd5+ Qxd5 32. Rxd5
1-0

[Event "Play your favorite openings III"]
[Site "SchemingMind.com"]
[Date "2020.07.30"]
[Round "-"]
[White "kenneth m day"]
[Black "Andoni Zabala"]
[Result "0-1"]
[WhiteCountry "USA"]
[BlackCountry "INT"]
[WhiteElo "1662"]
[WhiteRD "56"]
[BlackElo "1774"]
[BlackRD "79"]
[GameID "458262"]

1. e4 e5 2. Nf3 Nc6 3. c3 f5 4. exf5 e4 5. Nd4 Nf6 6. d3 Nxd4 7. cxd4 d5 8. Nc3 Bxf5 9. dxe4 Nxe4 10. Qf3 Qd7
11. Be2 O-O-O 12. O-O Be7 13. Be3 Nxc3 14. bxc3 Rdf8 15. Bd2 h5 16. a4 g5 17. Bd3 Be4 18. Qe2 Bxd3 19. Qxd3 h4 20. a5 g4
21. a6 b6 22. Rac1 c5 23. f3 c4 24. Qg6 Rhg8 25. Qh6 gxf3 26. Rce1 Rxg2+ 27. Kh1 Qd6 28. Bf4 Rxf4 29. Rxe7 Qxh6
0-1

[Event "Play your favorite openings III"]
[Site "SchemingMind.com"]
[Date "2020.07.29"]
[Round "-"]
[White "Andoni Zabala"]
[Black "Holty"]
[Result "0-1"]
[WhiteCountry "INT"]
[BlackCountry "ENG"]
[WhiteElo "1730"]
[WhiteRD "78"]
[BlackElo "1823"]
[BlackRD "59"]
[GameID "458263"]

1. e4 e6 2. d3 c5 3. Nf3 Nc6 4. g3 Nge7 5. Bg2 d5 6. O-O g6 7. Re1 Bg7 8. c3 O-O 9. Nbd2 Qc7 10. Nf1 Rd8
11. Qe2 dxe4 12. Qxe4 Qd7 13. Rd1 b6 14. Bf4 Bb7 15. Qe2 Nd5 16. Bd2 Nf6 17. Bg5 Re8 18. d4 Qc7 19. Bf4 e5 20. Nxe5 Nd7
21. Nxd7 Qxd7 22. Qd2 cxd4 23. Rac1 Rad8 24. Bg5 f6 25. Bh6 d3 26. Bxg7 Kxg7 27. Ne3 Ne5 28. f4 Nf3+ 29. Bxf3 Bxf3 30. Rf1 Be2
31. Rf2 Qe7 32. Ng2 Kf7= 33. Re1 b5 34. b4 Qc7 35. f5 g5 36. Ne3 h5 37. Nd1 h4 38. g4 Qb6 39. Nb2 Re3 40. c4 Qd4
41. c5 h3 42. Kh1 Bf3+ 43. Kg1 Qxg4+ 44. Kf1 Rxe1+ 45. Kxe1 Qg1+ 46. Rf1 Re8+
0-1

[Event "Play your favorite openings III"]
[Site "SchemingMind.com"]
[Date "2020.07.30"]
[Round "-"]
[White "Holty"]
[Black "Andoni Zabala"]
[Result "1-0"]
[WhiteCountry "ENG"]
[BlackCountry "INT"]
[WhiteElo "1823"]
[WhiteRD "59"]
[BlackElo "1730"]
[BlackRD "78"]
[GameID "458264"]

1. d4 Nf6 2. Bf4 g6 3. Nc3 Bg7 4. e4 d6 5. Qd2 O-O 6. Nf3 Bg4 7. Be2 Nbd7 8. Bh6 e5 9. Bxg7 Kxg7 10. O-O-O exd4
11. Qxd4 Bxf3 12. Bxf3 Ne5 13. Be2 Nc6 14. Qd2 Re8 15. f3 a5 16. Bb5 Re7 17. Bxc6 bxc6 18. Rhe1 a4 19. a3 Re5 20. g4 Rea5
21. e5 Nd5 22. exd6 cxd6 23. Nxd5 Rxd5 24. Qc3+ Qf6 25. Qxf6+ Kxf6 26. Rxd5 cxd5 27. h4 h6 28. Re3 Rc8 29. Kd2 Rc4 30. b3 Rc5
31. Re8 axb3 32. cxb3 g5 33. h5 d4 34. Kd3 Rc3+ 35. Kxd4 Rxb3 36. Re3 Rb5 37. Kc4 Ra5 38. Kb4 Ra7 39. Kb5 Re7 40. Rxe7 Kxe7
41. Kc4 Kd7 42. Kd4 Kc6 43. a4 f6 44. a5 Kb5 45. Kd5 Kxa5 46. Kxd6 Kb6 47. Ke6
1-0

[Event "Play your favorite openings III"]
[Site "SchemingMind.com"]
[Date "2020.08.06"]
[Round "-"]
[White "Andoni Zabala"]
[Black "ray winteringham"]
[Result "1-0"]
[WhiteCountry "INT"]
[BlackCountry "ENG"]
[WhiteElo "1746"]
[WhiteRD "78"]
[BlackElo "1484"]
[BlackRD "48"]
[GameID "458518"]

1. e4 d5 2. exd5 Qxd5 3. Nc3 Qd8 4. d4 g6 5. Nf3 Bg7 6. Bc4 e6 7. Bf4 Ne7 8. O-O Nd7 9. Nb5 e5 10. dxe5 c6
11. Nd6+ Kf8 12. Nxf7 Qe8 13. Nxh8 Bxh8 14. Bh6+ Bg7 15. Bxg7+ Kxg7 16. Re1 b5 17. Bb3 Nf8 18. Ng5 Bf5 19. Qf3 h6 20. Ne4 Rd8
21. Nd6 Qd7 22. Nxf5+ Nxf5 23. Rad1 Nd4 24. Rxd4 Qxd4 25. Qf7+ Kh8 26. Qg8#
1-0

[Event "Play your favorite openings III"]
[Site "SchemingMind.com"]
[Date "2020.08.06"]
[Round "-"]
[White "ray winteringham"]
[Black "Andoni Zabala"]
[Result "0-1"]
[WhiteCountry "ENG"]
[BlackCountry "INT"]
[WhiteElo "1484"]
[WhiteRD "48"]
[BlackElo "1746"]
[BlackRD "78"]
[GameID "458519"]

1. g3 d5 2. Bg2 Nf6 3. b3 e5 4. Bb2 Nc6 5. Nc3 Be6 6. e3 Bd6 7. Nge2 Qd7 8. d3 a6 9. Qd2 Ng4 10. f3 Nf6
11. O-O-O O-O-O 12. f4 d4 13. Ne4 Nxe4 14. Bxe4 Bb4 15. c3 dxc3 16. Bxc3 Ba3+ 17. Kb1 Na7 18. Bxe5 f6 19. Bd4 Nb5 20. Nc3 Nxd4
21. exd4 Qxd4 22. Rhe1 Rhe8 23. Ne2 Qb4 24. Qxb4 Bxb4 25. Rf1 Bg4 26. Rf2 f5 27. h3 Bxe2 28. Rxe2 fxe4 29. d4 e3 30. Rd3 Bd2
31. Kc2 b6 32. f5 c5 33. g4 Rxd4 34. b4 Rxd3
0-1

[Event "Play your favorite openings III"]
[Site "SchemingMind.com"]
[Date "2020.08.06"]
[Round "-"]
[White "Kenny Elliott"]
[Black "ray winteringham"]
[Result "1-0"]
[WhiteCountry "USA"]
[BlackCountry "ENG"]
[WhiteElo "1521"]
[WhiteRD "61"]
[BlackElo "1484"]
[BlackRD "48"]
[GameID "458520"]

1. d4 d5 2. Nf3 Bg4 3. e3 g6 4. Be2 Bg7 5. h3 Bxf3 6. Bxf3 e5 7. dxe5 Bxe5 8. c3 Ne7 9. Qa4+ c6 10. Qb3 Qc7
11. O-O Nd7 12. Re1 Nf5 13. e4 Nb6 14. exf5 O-O-O 15. fxg6 hxg6 16. Be3 Rhe8 17. Bxb6 Qxb6 18. Qxb6 axb6 19. Nd2 f6 20. Nb3 d4
21. Nxd4 Kc7 22. Nc2 Rd2 23. Ne3 b5 24. Rab1 Ra8 25. a3 Rad8 26. Ng4 g5 27. Nxe5 fxe5 28. Rxe5 Rg8 29. Bg4 Kb6 30. Re3 Rf8
31. Rf3 Re8 32. Rf5 Red8 33. Rxg5
1-0

[Event "Play your favorite openings III"]
[Site "SchemingMind.com"]
[Date "2020.08.06"]
[Round "-"]
[White "ray winteringham"]
[Black "Kenny Elliott"]
[Result "1-0"]
[WhiteCountry "ENG"]
[BlackCountry "USA"]
[WhiteElo "1448"]
[WhiteRD "48"]
[BlackElo "1545"]
[BlackRD "61"]
[GameID "458521"]

1. g3 e5 2. Bg2 Nf6 3. b3 d5 4. Bb2 Nc6 5. e3 e4 6. Ne2 Bg4 7. Nbc3 Bf3 8. Bxf3 exf3 9. Nf4 g5 10. Nd3 g4
11. Nxd5 Qxd5 12. Bxf6 Rg8 13. Nf4 Qf5 14. Bb2 Nb4 15. d3 O-O-O 16. O-O Bh6 17. e4 Qb5 18. c4 Qb6 19. Nd5 Nxd5 20. cxd5 Bg7
21. Bxg7 Rxg7 22. Qd2 h5 23. Qf4 Rh8 24. Qe5 Rgg8 25. Qf5+ Kb8 26. Qxf7 Rg6 27. Rfc1 Rhg8 28. Rc4 R6g7 29. Qxh5 Qf6 30. e5 Qf8
31. e6 Rh8 32. Qe5 Rgh7 33. Rac1 Qh6 34. h4 gxh3 35. Kh2 Qd2 36. Qe3 Qxa2 37. e7 Qe2 38. Rxc7 Qxe3 39. fxe3 f2 40. e8=Q+ Rxe8
41. Rxh7 Rf8 42. Rf1 a5 43. Kxh3 Ka7 44. Kg2 Ka6 45. Rxf2 Rd8 46. e4 b6 47. Rf6 Kb5 48. Rhh6 Rb8 49. d6 Kc5 50. d7 b5
51. Rc6+ Kb4 52. Rc8
1-0

[Event "Play your favorite openings III"]
[Site "SchemingMind.com"]
[Date "2020.08.05"]
[Round "-"]
[White "kenneth m day"]
[Black "ray winteringham"]
[Result "1-0"]
[WhiteCountry "USA"]
[BlackCountry "ENG"]
[WhiteElo "1708"]
[WhiteRD "49"]
[BlackElo "1484"]
[BlackRD "48"]
[GameID "458522"]

1. e4 e5 2. Nf3 d6 3. Bc4 Nf6 4. Nc3 Bg4 5. O-O h6 6. d4 exd4 7. Qxd4 Bxf3 8. gxf3 Be7 9. Kh1 c5 10. Qe3 Nc6
11. Rg1 g6 12. b3 Nd4 13. Qd3 O-O 14. Rxg6+ Kh7 15. Rxh6+
1-0

[Event "Play your favorite openings III"]
[Site "SchemingMind.com"]
[Date "2020.08.05"]
[Round "-"]
[White "ray winteringham"]
[Black "kenneth m day"]
[Result "0-1"]
[WhiteCountry "ENG"]
[BlackCountry "USA"]
[WhiteElo "1484"]
[WhiteRD "48"]
[BlackElo "1708"]
[BlackRD "49"]
[GameID "458523"]

1. g3 Nf6 2. Bg2 c6 3. Nf3 d5 4. b3 e5 5. Nxe5 Bd6 6. Bb2 O-O 7. Nf3 Re8 8. O-O Bg4 9. d4 Qc8 10. Nbd2 Qf5
11. Re1 Nbd7 12. c4 Ne4 13. c5 Bc7 14. h3 Bxh3 15. Bxh3 Qxh3 16. e3 Re6 17. Nxe4 dxe4 18. Ng5 Qf5 19. Nxe6 fxe6 20. Kg2 Rf8
21. Rf1 Rf6 22. d5 Rh6 23. Qd4 Qf3+
0-1

[Event "Play your favorite openings III"]
[Site "SchemingMind.com"]
[Date "2020.08.05"]
[Round "-"]
[White "Holty"]
[Black "ray winteringham"]
[Result "1-0"]
[WhiteCountry "ENG"]
[BlackCountry "ENG"]
[WhiteElo "1790"]
[WhiteRD "55"]
[BlackElo "1484"]
[BlackRD "48"]
[GameID "458524"]

1. d4 d5 2. Nc3 Bf5 3. Bf4 a6 4. f3 e6 5. g4 Bg6 6. h4 f6 7. h5 Bf7 8. e3 Bb4 9. Qd2 Nc6 10. O-O-O Qd7
11. Bd3 Nge7 12. Qh2 Bxc3 13. bxc3 Na5 14. Bxc7 Nac6 15. Qd6 Qxd6 16. Bxd6 O-O 17. f4 h6 18. Nf3 Rfd8 19. Bc5 Nc8 20. Rdg1 N8e7
21. g5 fxg5 22. fxg5 hxg5 23. Rxg5 Kf8 24. h6 gxh6 25. Rxh6 Ke8 26. Rh7 Bg8 27. Rxg8+ Kd7 28. Ne5+ Nxe5 29. Rxe7+ Kc6 30. Rxe6+
1-0

[Event "Play your favorite openings III"]
[Site "SchemingMind.com"]
[Date "2020.08.05"]
[Round "-"]
[White "ray winteringham"]
[Black "Holty"]
[Result "0-1"]
[WhiteCountry "ENG"]
[BlackCountry "ENG"]
[WhiteElo "1484"]
[WhiteRD "48"]
[BlackElo "1790"]
[BlackRD "55"]
[GameID "458525"]

1. g3 d5 2. Bg2 e5 3. d4 exd4 4. Qxd4 Nf6 5. Bg5 Be7 6. Bxd5 Qxd5 7. Qxd5 Nxd5 8. Nf3 f6 9. Bd2 Nc6 10. O-O Bg4
11. Kg2 O-O-O 12. c4 Ndb4 13. Na3 Bxf3+ 14. exf3 Rxd2 15. b3 Rhd8 16. Nb5 a6 17. Nc3 Nc2 18. Rac1 Ne3+ 19. Kh3 Nxf1 20. Rxf1 Nb4
0-1

[Event "Play your favorite openings III"]
[Site "SchemingMind.com"]
[Date "2020.08.06"]
[Round "-"]
[White "Andoni Zabala"]
[Black "Arnold Jones"]
[Result "1-0"]
[WhiteCountry "INT"]
[BlackCountry "ENG"]
[WhiteElo "1774"]
[WhiteRD "79"]
[BlackElo "1587"]
[BlackRD "59"]
[GameID "458526"]

1. e4 c5 2. Nf3 e6 3. d3 Nc6 4. g3 Nf6 5. Bg2 h6 6. O-O e5 7. Nc3 d6 8. a3 Be6 9. Ne2 Bg4 10. h3 Bxf3
11. Bxf3 Qc7 12. Nc3 Nd4 13. Bg2 O-O-O 14. Nd5 Nxd5 15. exd5 h5 16. f4 Nf5 17. g4 Ng3 18. Rf3 h4 19. fxe5 dxe5 20. c4 Be7
21. a4 f6 22. Bd2 Rhf8 23. Be1 e4 24. dxe4 Bd6 25. Bxg3 hxg3 26. a5 Be5 27. Ra2 Bd4+ 28. Kh1 Bf2 29. Rfa3 Qe5 30. a6 b6
31. Bf3 g5 32. Rd3 Rh8 33. Kg2 Rxh3 34. Kxh3 Rh8+ 35. Kg2 Rh2+ 36. Kf1 Bd4 37. Bg2 Qf4+ 38. Qf3 Be5 39. Qxf4 gxf4 40. b3 Bd4
41. Re2 Be5 42. Bf3 Rh7 43. Rd1 Kc7 44. Ke1 Bc3+ 45. Kf1 Kd6 46. Rd3 Be5 47. Ke1 Rh3 48. Kd2 Rh8 49. Kc2 Bd4 50. Rd1 Bf2
51. Rh1 Rxh1 52. Bxh1 Bd4 53. Kd3 Be5 54. Bf3 Kc7 55. Re1 b5 56. cxb5 Kb6 57. Kc4 Bd6 58. Rh1 Be5 59. Rh6 Bd4 60. g5 Be5
61. g6
1-0

[Event "Play your favorite openings III"]
[Site "SchemingMind.com"]
[Date "2020.08.07"]
[Round "-"]
[White "Arnold Jones"]
[Black "Andoni Zabala"]
[Result "0-1"]
[WhiteCountry "ENG"]
[BlackCountry "INT"]
[WhiteElo "1637"]
[WhiteRD "61"]
[BlackElo "1746"]
[BlackRD "78"]
[GameID "458527"]

1. d4 Nf6 2. c4 g6 3. Nc3 Bg7 4. e3 O-O 5. b4 d5 6. c5 c6 7. Bd3 Re8 8. Nf3 Nbd7 9. b5 e5 10. bxc6 bxc6
11. Nd2 exd4 12. Ne2 dxe3 13. fxe3 Ng4 14. Rb1 Nxc5 15. Nf1 Nxd3+ 16. Qxd3 Bf5 17. Qd4 Bxd4 18. Nxd4 Bxb1 19. Nxc6 Qf6 20. Kd1 Qxc6
0-1

[Event "Play your favorite openings III"]
[Site "SchemingMind.com"]
[Date "2020.08.06"]
[Round "-"]
[White "Kenny Elliott"]
[Black "Arnold Jones"]
[Result "1-0"]
[WhiteCountry "USA"]
[BlackCountry "ENG"]
[WhiteElo "1521"]
[WhiteRD "61"]
[BlackElo "1637"]
[BlackRD "61"]
[GameID "458528"]

1. d4 d5 2. c4 Bf5 3. Nf3 Nc6 4. Nc3 Nb4 5. Qa4+ Nc6 6. cxd5 Bd7 7. dxc6 Bxc6 8. Qc4 Bxf3 9. exf3 Nf6 10. Be3 c6
11. O-O-O b5 12. Qxc6+ Nd7 13. Bxb5 e6 14. d5 Rc8 15. Qxd7+ Qxd7 16. Bxd7+ Kxd7 17. dxe6+ Kxe6 18. Bxa7 Bb4 19. Rhe1+ Kf6 20. Bd4+ Kg6
21. Kb1 h5 22. Re4 Rhd8 23. Rde1 Bxc3 24. Bxc3 f6 25. g4 Rd5 26. gxh5+ Kxh5 27. Rg1 Rd7 28. Reg4 Rcc7 29. R1g3 Rd1+ 30. Kc2 Rf1
31. Rh3#
1-0

[Event "Play your favorite openings III"]
[Site "SchemingMind.com"]
[Date "2020.08.07"]
[Round "-"]
[White "Arnold Jones"]
[Black "Kenny Elliott"]
[Result "1-0"]
[WhiteCountry "ENG"]
[BlackCountry "USA"]
[WhiteElo "1637"]
[WhiteRD "61"]
[BlackElo "1521"]
[BlackRD "61"]
[GameID "458529"]

1. Nf3 d5 2. d4 Nf6 3. Nc3 Bg4 4. Ne5 Bf5 5. f3 e6 6. Bg5 Bb4 7. g4 h6 8. Bd2 Bh7 9. g5 hxg5 10. Bxg5 Bxc3+
11. bxc3 Bf5 12. Qb1 Nbd7 13. Qxb7 Rb8 14. Qa6 Bxc2 15. Nc6 Rb1+ 16. Rxb1 Bxb1 17. Nxd8
1-0

[Event "Play your favorite openings III"]
[Site "SchemingMind.com"]
[Date "2020.08.06"]
[Round "-"]
[White "kenneth m day"]
[Black "Arnold Jones"]
[Result "1-0"]
[WhiteCountry "USA"]
[BlackCountry "ENG"]
[WhiteElo "1708"]
[WhiteRD "49"]
[BlackElo "1637"]
[BlackRD "61"]
[GameID "458530"]

1. e4 c5 2. d4 cxd4 3. c3 dxc3 4. Nxc3 e6 5. Nf3 Bb4 6. Bd2 Bxc3 7. Bxc3 f6 8. Bc4 Qc7 9. Bb3 b5 10. Rc1 Qb7
11. Qd3 a5 12. O-O a4 13. Bc2 b4 14. Bd4 b3 15. axb3 axb3 16. Bxb3 Ne7 17. Bc5 Nbc6 18. Rc3 Ne5 19. Nxe5 Qa6 20. Bc4 Qa1
21. Qd6 Ng6 22. Nxg6 Kf7 23. Qe7+ Kxg6 24. Rg3+ Kh5 25. Qxg7 Ba6 26. Rh3#
1-0

[Event "Play your favorite openings III"]
[Site "SchemingMind.com"]
[Date "2020.08.06"]
[Round "-"]
[White "Arnold Jones"]
[Black "kenneth m day"]
[Result "0-1"]
[WhiteCountry "ENG"]
[BlackCountry "USA"]
[WhiteElo "1637"]
[WhiteRD "61"]
[BlackElo "1708"]
[BlackRD "49"]
[GameID "458531"]

1. d4 Nf6 2. c4 e5 3. d5 Bc5 4. Nc3 d6 5. Bg5 Bxf2+ 6. Kxf2 Ng4+ 7. Ke1 Qxg5 8. Ne4 Qf4 9. Qd3 Ne3 10. Nd2 Bf5
11. Qxe3 Qxe3 12. b3 Nd7 13. b4 Nf6 14. h3 Qc3 15. Rc1 Qxc1+ 16. Kf2 Qxd2 17. Nf3 Ne4+ 18. Kg1 Qe3+ 19. Kh2 g5 20. a4 h5
21. Rg1 g4 22. g3 gxf3 23. exf3 Qxf3 24. h4 Qf2+ 25. Kh1 Nxg3+ 26. Rxg3 Qxg3 27. Bg2 Qxh4+
0-1

[Event "Play your favorite openings III"]
[Site "SchemingMind.com"]
[Date "2020.08.07"]
[Round "-"]
[White "Holty"]
[Black "Arnold Jones"]
[Result "1-0"]
[WhiteCountry "ENG"]
[BlackCountry "ENG"]
[WhiteElo "1790"]
[WhiteRD "55"]
[BlackElo "1637"]
[BlackRD "61"]
[GameID "458532"]

1. d4 d5 2. Bf4 Nf6 3. e3 Nc6 4. c3 e6 5. Nf3 Bd6 6. Bg3 Bxg3 7. hxg3 Ng4 8. Bd3 f5 9. Nbd2 Bd7 10. Qe2 O-O
11. O-O-O g5 12. Nh2 Nf6 13. f3 Nh5 14. Ndf1 Nf6 15. g4 Ne7 16. Ng3 Qe8 17. Rde1 Qf7 18. Qc2 b5 19. e4 dxe4 20. fxe4 f4
21. Nh5 Nxh5 22. gxh5 e5 23. Ref1 Qxa2 24. Nf3 exd4 25. Nxg5 h6 26. Nf3 b4 27. cxb4 Nc6 28. Bc4+ Kg7 29. Bxa2 Rfb8 30. Qc4 Rf8
31. b5 Ne7 32. Qxd4+ Kh7 33. Qxd7 Rfe8 34. Ne5 Rad8 35. Qh3 Rf8 36. Nc6 Nxc6 37. bxc6
1-0

[Event "Play your favorite openings III"]
[Site "SchemingMind.com"]
[Date "2020.08.06"]
[Round "-"]
[White "Arnold Jones"]
[Black "Holty"]
[Result "1-0"]
[WhiteCountry "ENG"]
[BlackCountry "ENG"]
[WhiteElo "1637"]
[WhiteRD "61"]
[BlackElo "1790"]
[BlackRD "55"]
[GameID "458533"]

1. d4 e6 2. c4 Nf6 3. Nc3 Bb4 4. Nf3 b6 5. Bd2 Bb7 6. Qc2 O-O 7. e3 d5 8. Ne5 Be7 9. O-O-O Nc6 10. Nxc6 Bxc6
11. f3 a5 12. a3 Qd7 13. h4 Rfb8 14. a4 Nh5 15. Bd3 g6 16. g4 dxc4 17. Be4 Ng7 18. Bxc6 Qxc6 19. Qe4 Qxe4 20. fxe4 h6
21. Rdg1 Bb4 22. d5 Bxc3 23. Bxc3 Ne8 24. dxe6 fxe6 25. Rf1 Ng7 26. Rf6 Kh7 27. Rf7 h5 28. gxh5 gxh5 29. Rg1 Rg8 30. Rxc7 Raf8
31. Rgxg7+ Kh6 32. Rxg8 Rxg8 33. Rc6 Rg1+ 34. Kd2 Rg4 35. Rxe6+ Kh7 36. Bf6 Rg2+ 37. Kc3 Rg3 38. Bg5 Rf3 39. Rxb6 Rf7 40. e5
1-0

[Event "Play your favorite openings III"]
[Site "SchemingMind.com"]
[Date "2020.08.06"]
[Round "-"]
[White "ray winteringham"]
[Black "Arnold Jones"]
[Result "0-1"]
[WhiteCountry "ENG"]
[BlackCountry "ENG"]
[WhiteElo "1484"]
[WhiteRD "48"]
[BlackElo "1637"]
[BlackRD "61"]
[GameID "458534"]

1. g3 e5 2. Bg2 d5 3. d4 e4 4. e3 Nf6 5. b3 Nc6 6. Bb2 Be7 7. Nd2 Bg4 8. f3 exf3 9. Ngxf3 Bd6 10. Qc1 Qe7
11. O-O Qxe3+ 12. Kh1 Bxf3 13. Re1 Be2 14. Bf1 Nxd4 15. c3 Ne4 16. cxd4 Qxd2 17. Qxd2 Nxd2 18. Rxe2+ Ne4 19. Bg2 f5 20. g4 g6
21. gxf5 gxf5 22. Rf1 Rf8 23. Bh3 f4 24. Bg2 O-O-O 25. Bxe4 dxe4 26. Rxe4 Rde8 27. Ree1 Rxe1 28. Rxe1 f3 29. Rf1 Be7 30. Bc1 Kd7
31. Be3 Kc6 32. h3 Kd5 33. Kh2 Bd6+ 34. Kh1 Bg3 35. a3 Ke4 36. Bg1 f2 37. Bh2 Bxh2 38. Kxh2 Kxd4 39. Kg3 Kc3 40. Rxf2 Rg8+
41. Kh4 Rg7 42. Rf3+ Kd4 43. b4 Ke4 44. Rc3 Kf4 45. Rc4+ Ke5 46. a4 c6 47. Rc5+ Kd4 48. Rg5 Rxg5 49. Kxg5 a5 50. bxa5 c5
0-1